000 00339nam a2200133Ia 4500
008 240624s9999 xx 000 0 und d
041 _aeng
082 _a200 EAS
100 _aEASWARAN EKNATH
245 _aGOD MAKES THE RIVERS TO FLOW
260 _c2004
_aMumbai
_bJaico Publishing House
300 _a332 : p. : cm. ; 21
365 _cRS
_b20
999 _c4449
_d4449